Percepción de salud y soledad en adultos mayores en hogares geriátricos de Cartagena (Colombia) / (Registro nro. 48982)
[ vista simple ]
| 000 -LEADER | |
|---|---|
| fixed length control field | 01856nam a2200313 4500 |
| 001 - CONTROL NUMBER | |
| control field | 0000100124 |
| 005 - DATE AND TIME OF LATEST TRANSACTION | |
| control field | 20250611205815.0 |
| 008 - FIXED-LENGTH DATA ELEMENTS--GENERAL INFORMATION | |
| fixed length control field | 190730s2025 000 0 eng d |
| 040 ## - CATALOGING SOURCE | |
| Original cataloging agency | CO-CtgCURN |
| Language of cataloging | spa |
| Transcribing agency | coctgcurn |
| 041 0# - LANGUAGE CODE | |
| Language code of text/sound track or separate title | spa |
| 082 0# - DEWEY DECIMAL CLASSIFICATION NUMBER | |
| Classification number | ENF2025 |
| Item number | M385 |
| 100 1# - MAIN ENTRY--PERSONAL NAME | |
| Personal name | Martínez Martínez, Loly Luz. |
| 245 10 - TITLE STATEMENT | |
| Title | Percepción de salud y soledad en adultos mayores en hogares geriátricos de Cartagena (Colombia) / |
| Statement of responsibility, etc. | Loly Luz Martínez Martínez; Roque Jacinto Caraballo Fruto; Jhonatan Miguel Portala Acosta; asesores: Narcisa Charris Bocanegra; Diana Carolina Marsiglia López . |
| 260 ## - PUBLICATION, DISTRIBUTION, ETC. | |
| Place of publication, distribution, etc. | Cartagena de Indias : |
| Name of publisher, distributor, etc. | Corporación Universitaria Rafael Núñez, |
| Date of publication, distribution, etc. | 2025. |
| 300 ## - PHYSICAL DESCRIPTION | |
| Extent | 199 hojas. |
| 336 ## - CONTENT TYPE | |
| Source | rdacontent |
| Content type term | text |
| Content type code | txt |
| 337 ## - MEDIA TYPE | |
| Source | rdacarrier |
| Media type term | sin mediacion |
| Media type code | n |
| 338 ## - CARRIER TYPE | |
| Source | rdacarrier |
| Carrier type term | volumen |
| Carrier type code | nc |
| 502 ## - DISSERTATION NOTE | |
| Dissertation note | Trabajo de grado (Enfermeria). Corporacion Universitaria Rafael Nuñez. Facultad de Ciencias de la salud. Enfermeria, 2025. |
| 520 ## - SUMMARY, ETC. | |
| Summary, etc. | "El envejecimiento poblacional conlleva efectos significativos en la salud, la estructura social y la calidad de vida. Así, se deben considerar factores que condicionan la percepción de las necesidades en los adultos mayores y su bienestar, como es el caso de la percepción de salud y la experiencia de soledad." |
| 650 #0 - SUBJECT ADDED ENTRY--TOPICAL TERM | |
| Topical term or geographic name entry element | Enfermeria |
| Form subdivision | Tesis y disertaciones academicas. |
| 700 1# - ADDED ENTRY--PERSONAL NAME | |
| Personal name | Caraballo Fruto, Roque Jacinto. |
| 700 1# - ADDED ENTRY--PERSONAL NAME | |
| Personal name | Portala Acosta, Jhonatan Miguel. |
| 700 1# - ADDED ENTRY--PERSONAL NAME | |
| Personal name | Charris Bocanegra, Narcisa , |
| Relator term | directora. |
| 700 1# - ADDED ENTRY--PERSONAL NAME | |
| Personal name | Marsiglia López, Diana Carolina, |
| Relator term | directora. |
| 856 ## - ELECTRONIC LOCATION AND ACCESS | |
| Uniform Resource Identifier | <a href="https://unicurn.sharepoint.com/:b:/s/biblioteca/ET4YUIXwtEVGj1uOeHmxJ-0BvyCirQlJDnxyZrF-HYPx-Q?e=0jxGUA">https://unicurn.sharepoint.com/:b:/s/biblioteca/ET4YUIXwtEVGj1uOeHmxJ-0BvyCirQlJDnxyZrF-HYPx-Q?e=0jxGUA</a> |
| Public note | Click para ver el recurso en texto completo |
| 942 ## - ADDED ENTRY ELEMENTS (KOHA) | |
| Koha item type | Trabajos de grado |
| Classification part | ENF 2025 |
| Item part | M385 |
| Withdrawn status | Lost status | Damaged status | Not for loan | Collection | Home library | Current library | Shelving location | Date acquired | Cost, normal purchase price | Inventory number | Total checkouts | Full call number | Barcode | Date last seen | Price effective from | Koha item type |
|---|---|---|---|---|---|---|---|---|---|---|---|---|---|---|---|---|
| Trabajos de grado | Miguel Henríquez Emiliani | Miguel Henríquez Emiliani | Trabajo de grado | 06/11/2025 | 35000.00 | 025489 | ENF 2025 M385 | 025489 | 06/11/2025 | 06/11/2025 | Trabajos de grado |